00479nam a2200193 a 4500001001300000003000900013005001700022008004100039020001000080082001600090100002600106245002000132260002500152300001000177500003500187505001400222650002300236700002600259nice12345678IN_TiNIC20260116011335.0050524s1329 teha grp 000 0 per  ac10000a297.82bKAZ aKazim, Mulla Mohammad aMinhajul Rishad aTehranbGeorgec1329 a328p. aincludes index and biblioraphy2 areference aPhilosophy-Islamic1 aKazim, Mulla Mohammad